[Event "LGA Premium Cup"]
[Site "schach.lga.de"]
[Date "2005.09.11"]
[Round "7.1"]
[White "Gutman, Lev"]
[Black "Kunin, Vitaly"]
[Result "1/2-1/2"]
[WhiteElo "2465"]
[BlackElo "2448"]
[PlyCount "109"]
[EventDate "2005.09.11"]
[SourceDate " "]

1. Nf3 d5 2. g3 c6 3. Bg2 Nf6 4. O-O Bg4 5. a4 e6 6. c3 Nbd7 7. a5 Qc7 8. d4
Bd6 9. c4 Bxf3 10. Bxf3 O-O 11. Bg2 Rfe8 12. Qb3 Rab8 13. Nc3 b5 14. axb6 Qxb6
15. Qxb6 axb6 16. e4 dxe4 17. Nxe4 Nxe4 18. Bxe4 Rec8 19. Rd1 Nf6 20. Bf3 h6
21. Ra6 g5 22. Bd2 Be7 23. b4 b5 24. c5 Nd5 25. Bxd5 exd5 26. Rda1 Bf6 27. Be3
Rc7 28. Ra8 Rxa8 29. Rxa8+ Kg7 30. Ra6 g4 31. h4 Kg6 32. Kf1 h5 33. Ke2 Kf5 34.
Kd3 Rc8 35. Ra7 Ke6 36. Bf4 Be7 37. Ke3 Bf6 38. Bd6 Bd8 39. Be5 Bf6 40. Kf4 Be7
41. f3 f6 42. Bd6 Bxd6+ 43. cxd6 gxf3 44. Kxf3 Kxd6 45. Rh7 Ra8 46. Rxh5 Ra4
47. Rh8 Rxb4 48. h5 Ke7 49. Ke3 Kf7 50. Rh7+ Kg8 51. Rc7 Rc4 52. g4 b4 53. Rb7
c5 54. dxc5 Rxc5 55. Rxb4 1/2-1/2

[Event "LGA Premium Cup"]
[Site "schach.lga.de"]
[Date "2005.09.11"]
[Round "7.2"]
[White "Klundt, Klaus"]
[Black "Meijers, Viesturs"]
[Result "1/2-1/2"]
[WhiteElo "2382"]
[BlackElo "2479"]
[PlyCount "22"]
[EventDate "2005.09.11"]
[SourceDate " "]

1. e4 c5 2. Nf3 e6 3. d4 cxd4 4. Nxd4 a6 5. Bd3 d6 6. O-O Nd7 7. Nc3 g6 8. Be3
Bg7 9. f4 Ngf6 10. Kh1 Qc7 11. Qd2 O-O 1/2-1/2

[Event "LGA Premium Cup"]
[Site "schach.lga.de"]
[Date "2005.09.11"]
[Round "7.3"]
[White "Donchenko, Anatoli"]
[Black "Bezold, Michael"]
[Result "0-1"]
[WhiteElo "2448"]
[BlackElo "2530"]
[PlyCount "108"]
[EventDate "2005.09.11"]
[SourceDate " "]

1. Nf3 c5 2. c4 Nf6 3. Nc3 e6 4. g3 a6 5. Bg2 Be7 6. O-O O-O 7. a3 Nc6 8. d4
cxd4 9. Nxd4 Ne5 10. b3 Qc7 11. Bb2 d6 12. h3 Bd7 13. Qd2 Rad8 14. Rac1 Qb8 15.
a4 Qc7 16. Rfd1 Ng6 17. Ba3 Qb6 18. Rb1 Kh8 19. Qe3 Qc7 20. Rbc1 Bc8 21. Qd2
Qb6 22. Rb1 h6 23. e3 Rfe8 24. Rdc1 Rd7 25. Nde2 Qc7 26. Nd4 Rdd8 27. Ra1 Rf8
28. Qe2 Ne5 29. Kh2 Bd7 30. Qd2 Rc8 31. f4 Ng6 32. Qe2 Rcd8 33. Ra2 Bc8 34. Qd3
Rfe8 35. b4 Qd7 36. a5 d5 37. cxd5 exd5 38. b5 h5 39. Na4 Bxa3 40. Rxa3 h4 41.
Nb6 hxg3+ 42. Kxg3 Qd6 43. bxa6 Nxf4 44. exf4 Nh5+ 45. Kf2 Qxf4+ 46. Nf3 Qxc1
47. a7 Nf4 48. Qd2 Re2+ 49. Qxe2 Nxe2 50. Re3 Be6 51. Kxe2 Qb2+ 52. Nd2 Qb5+
53. Kd1 Qxa5 54. Rb3 Qxa7 0-1

[Event "LGA Premium Cup"]
[Site "schach.lga.de"]
[Date "2005.09.11"]
[Round "7.4"]
[White "Promyshlyanskiy, Vitaly"]
[Black "Milov, Leonid"]
[Result "0-1"]
[WhiteElo "2164"]
[BlackElo "2482"]
[PlyCount "129"]
[EventDate "2005.09.11"]
[SourceDate " "]

1. e4 c5 2. Nc3 Nc6 3. f4 g6 4. Nf3 Bg7 5. Bb5 Nd4 6. O-O Nxb5 7. Nxb5 d6 8. a4
Nh6 9. Qe1 O-O 10. d3 a6 11. Nc3 e6 12. a5 Bd7 13. Bd2 f6 14. Na4 Bxa4 15. Rxa4
Qd7 16. Ra3 Rac8 17. Qe2 Rfe8 18. Kh1 Nf7 19. g4 f5 20. Rb3 fxg4 21. Nh4 Nh6
22. Ng2 d5 23. Ne3 c4 24. dxc4 dxe4 25. Bc3 Bxc3 26. Rxc3 Rc5 27. b4 Rh5 28.
Qg2 Qd4 29. Rb3 g3 30. Qxg3 Nf5 31. Qf2 Nxe3 32. Rxe3 Qxc4 33. c3 e5 34. Rfe1
exf4 35. Qxf4 Rf5 36. Qh4 Rf1+ 37. Kg2 Rxe1 38. Qxe1 Kg7 39. Qh4 Qa2+ 40. Kh3
Qf7 41. Kg2 Qf5 42. Qe1 Qg4+ 43. Rg3 Qf4 44. Re3 h5 45. Kg1 h4 46. Qe2 Re5 47.
Kh1 Kh6 48. c4 Kg5 49. Qg2+ Kh5 50. Qe2+ Qg4 51. Qf2 Rf5 52. Qe1 Rg5 53. Qf1
Rf5 54. Qe1 Rf4 55. b5 Qf5 56. Qe2+ Kh6 57. Kg2 Qg5+ 58. Kh1 Rg4 59. Qf2 Kg7
60. Qb2+ Qf6 61. Qxf6+ Kxf6 62. c5 axb5 63. c6 bxc6 64. a6 Rf4 65. Kg1 0-1

[Event "LGA Premium Cup"]
[Site "schach.lga.de"]
[Date "2005.09.11"]
[Round "7.5"]
[White "Prusikin, Michael"]
[Black "Hetey, Laszlo"]
[Result "1-0"]
[WhiteElo "2554"]
[BlackElo "2322"]
[PlyCount "65"]
[EventDate "2005.09.11"]
[SourceDate " "]

1. d4 Nf6 2. c4 e6 3. Nc3 Bb4 4. e3 O-O 5. Nge2 Re8 6. a3 Bf8 7. g3 d5 8. cxd5
exd5 9. Bg2 c6 10. Qc2 a5 11. O-O Na6 12. Bd2 Bd6 13. Rad1 Nc7 14. Bc1 Be6 15.
Na4 Nd7 16. f3 b5 17. Nac3 a4 18. Nf4 Bxf4 19. exf4 Nb6 20. f5 Bd7 21. g4 Nc4
22. Qf2 Qe7 23. Bf4 Na6 24. Rfe1 Qf6 25. Bf1 Qd8 26. Rxe8+ Bxe8 27. Bxc4 dxc4
28. d5 c5 29. Ne4 h5 30. f6 Nc7 31. fxg7 Ra6 32. Bxc7 Qxc7 33. d6 1-0

[Event "LGA Premium Cup"]
[Site "schach.lga.de"]
[Date "2005.09.11"]
[Round "7.6"]
[White "Maiwald, Jens-Uwe"]
[Black "Eichler, Christoph"]
[Result "1-0"]
[WhiteElo "2505"]
[BlackElo "2293"]
[PlyCount "61"]
[EventDate "2005.09.11"]
[SourceDate " "]

1. e4 e5 2. Nf3 Nf6 3. d3 Nc6 4. c3 d5 5. Nbd2 Be7 6. Be2 O-O 7. O-O a5 8. a4
h6 9. exd5 Qxd5 10. Nc4 Re8 11. Qb3 Bc5 12. Be3 Bxe3 13. fxe3 e4 14. dxe4 Qxe4
15. Rae1 Be6 16. Nfd2 Qxe3+ 17. Nxe3 Bxb3 18. Nxb3 Rxe3 19. Bf3 Rxe1 20. Rxe1
Nd8 21. Re5 Ra6 22. Nxa5 Kf8 23. b3 Nd7 24. Rd5 Ke7 25. Nc4 Ne6 26. a5 b6 27.
b4 bxa5 28. Rxa5 Rxa5 29. bxa5 Ndc5 30. Kf2 f5 31. Bb7 1-0

[Event "LGA Premium Cup"]
[Site "schach.lga.de"]
[Date "2005.09.11"]
[Round "7.7"]
[White "Bauer, Andreas"]
[Black "Boidman, Yuri"]
[Result "1/2-1/2"]
[WhiteElo "2219"]
[BlackElo "2431"]
[PlyCount "113"]
[EventDate "2005.09.11"]
[SourceDate " "]

1. e4 d5 2. exd5 Nf6 3. Nc3 Nxd5 4. Bc4 Nb6 5. Bb3 Nc6 6. Qf3 e6 7. Nge2 Be7 8.
d3 O-O 9. O-O a5 10. a4 Nb4 11. Bf4 Bd6 12. Qg3 Bxf4 13. Nxf4 Kh8 14. Nfe2 Bd7
15. f4 Qf6 16. Qg5 Bc6 17. Qxf6 gxf6 18. Nd4 f5 19. Nxc6 Nxc6 20. Nb5 Rac8 21.
c3 Rfd8 22. d4 Ne7 23. Rad1 c6 24. Na3 Ned5 25. Rf3 Rg8 26. Kf2 Rg4 27. g3 h5
28. Nc4 Nxc4 29. Bxc4 Nf6 30. Bd3 h4 31. gxh4 Rcg8 32. Bf1 Nd5 33. c4 Nxf4 34.
h3 Rxh4 35. Rb3 Kg7 36. Rxb7 Kf6 37. b4 axb4 38. Rxb4 Nxh3+ 39. Bxh3 Rxh3 40.
Rb6 Ra8 41. Ra1 Rd3 42. a5 Rxd4 43. Rxc6 Ke7 44. Ke3 e5 45. c5 f4+ 46. Kf3 Rc4
47. a6 Kd7 48. Rd6+ Ke7 49. Rc6 Ra7 50. Rb1 Rd7 51. Kg4 f3+ 52. Kxf3 Rd3+ 53.
Ke2 e4 54. Rb7+ Kf8 55. a7 Rc2+ 56. Ke1 Rc1+ 57. Ke2 1/2-1/2

[Event "LGA Premium Cup"]
[Site "schach.lga.de"]
[Date "2005.09.11"]
[Round "7.8"]
[White "Sobolevski, Leonid"]
[Black "Grimberg, Boris"]
[Result "1/2-1/2"]
[WhiteElo "2358"]
[BlackElo "2104"]
[PlyCount "107"]
[EventDate "2005.09.11"]
[SourceDate " "]

1. e4 e5 2. Nf3 Nc6 3. d4 exd4 4. c3 d3 5. Bxd3 Bc5 6. b4 Bb6 7. b5 Nce7 8. Bc4
Nf6 9. e5 Ne4 10. O-O d5 11. Bd3 O-O 12. Ba3 Nc5 13. Bc2 Bf5 14. Bxf5 Nxf5 15.
Nd4 Nxd4 16. cxd4 Ne6 17. Bxf8 Bxd4 18. Bxg7 Kxg7 19. Nd2 Bxa1 20. Qxa1 Qg5 21.
Nf3 Qg6 22. Rd1 Rd8 23. Nd4 Nf4 24. g3 Nh3+ 25. Kg2 Nf4+ 26. Kf1 Ne6 27. Qc3
Rd7 28. a4 Qe4 29. f3 Qg6 30. Qe3 c5 31. Nxe6+ Qxe6 32. Qxc5 Qxe5 33. Re1 Qf6
34. f4 b6 35. Qc8 Rd8 36. Qc7 d4 37. Qe5 Qxe5 38. Rxe5 d3 39. Ke1 d2+ 40. Kd1
Rd4 41. a5 bxa5 42. Re7 Rb4 43. Rxa7 Rxb5 44. Kxd2 Rb2+ 45. Ke3 Ra2 46. Ke4
Rxh2 47. Rxa5 Re2+ 48. Kf3 Re6 49. g4 h6 50. Kg3 Rb6 51. Kh4 Rb1 52. Ra6 Rh1+
53. Kg3 Rg1+ 54. Kf3 1/2-1/2

[Event "LGA Premium Cup"]
[Site "schach.lga.de"]
[Date "2005.09.11"]
[Round "7.9"]
[White "Schmitz, Andreas Arnold"]
[Black "Gabriel, Christian"]
[Result "0-1"]
[WhiteElo "2159"]
[BlackElo "2531"]
[PlyCount "72"]
[EventDate "2005.09.11"]
[SourceDate " "]

1. e4 e5 2. Nf3 Nc6 3. Bc4 Bc5 4. c3 Nf6 5. d4 exd4 6. cxd4 Bb4+ 7. Bd2 Bxd2+
8. Nbxd2 d5 9. exd5 Nxd5 10. O-O O-O 11. Ne5 Nxe5 12. dxe5 Nf4 13. Nf3 Bg4 14.
Qb3 b5 15. Bxb5 Rb8 16. Qc4 Nh3+ 17. Kh1 Bxf3 18. gxf3 Qd2 19. Kg2 Nf4+ 20. Kh1
Rfd8 21. a4 Rb6 22. Qc1 a6 23. Qxd2 Rxd2 24. Rad1 Rxd1 25. Rxd1 g5 26. Bc4 Rxb2
27. Rg1 Nh3 28. Rg3 Rb1+ 29. Bf1 Rxf1+ 30. Kg2 Rxf2+ 31. Kxh3 h6 32. a5 Kf8 33.
Rg1 Rxf3+ 34. Kg2 Re3 35. Rc1 Rxe5 36. Rxc7 Rxa5 0-1

[Event "LGA Premium Cup"]
[Site "schach.lga.de"]
[Date "2005.09.11"]
[Round "7.10"]
[White "Baeuml, Ulrich"]
[Black "Roos, Michael"]
[Result "0-1"]
[WhiteElo "2108"]
[BlackElo "2371"]
[PlyCount "48"]
[EventDate "2005.09.11"]
[SourceDate " "]

1. c4 c5 2. g3 g6 3. Bg2 Bg7 4. Nc3 Nc6 5. e3 e5 6. Nge2 Nge7 7. O-O O-O 8. Nd5
d6 9. Nec3 f5 10. d3 Rb8 11. Rb1 b6 12. b3 Bb7 13. Bb2 Qd7 14. Qe2 Rbe8 15. Qd2
g5 16. f4 gxf4 17. gxf4 Ng6 18. Ne2 Nh4 19. Bh3 Qe6 20. Qe1 Qh6 21. Qg3 Re6 22.
Qf2 Nb4 23. Rbd1 Nxd5 24. cxd5 Bxd5 0-1

[Event "LGA Premium Cup"]
[Site "schach.lga.de"]
[Date "2005.09.11"]
[Round "7.11"]
[White "Seyb, Dieter"]
[Black "Kotz, Reinhard"]
[Result "1-0"]
[WhiteElo "2297"]
[BlackElo "2156"]
[PlyCount "85"]
[EventDate "2005.09.11"]
[SourceDate " "]

1. e4 Nf6 2. Nc3 d5 3. e5 Nfd7 4. d4 Nb6 5. Qf3 e6 6. Be3 c5 7. dxc5 N6d7 8.
Qg3 Nc6 9. Nf3 g6 10. h4 Bg7 11. Bb5 Qc7 12. Bxc6 bxc6 13. h5 Rb8 14. O-O-O Ba6
15. hxg6 hxg6 16. Rxh8+ Bxh8 17. Rh1 Bg7 18. Rh7 Kf8 19. Qh4 Kg8 20. Bg5 Bxe5
21. Nxe5 Qxe5 22. Bf4 Qd4 23. Bxb8 Qxh4 24. Rxh4 Nxb8 25. Ra4 Kf8 26. b4 Ke8
27. Ra5 f5 28. Kd2 d4 29. Nd1 e5 30. a4 Kd8 31. b5 Bb7 32. Rxa7 Kc8 33. Nb2 Nd7
34. b6 Nxc5 35. Nc4 Ne4+ 36. Ke1 c5 37. a5 Bd5 38. Nxe5 c4 39. Nxc4 Kb8 40. Ne5
Nc5 41. Nd7+ Nxd7 42. Rxd7 Bxg2 43. a6 1-0

[Event "LGA Premium Cup"]
[Site "schach.lga.de"]
[Date "2005.09.11"]
[Round "7.12"]
[White "Nöckler, Alexander"]
[Black "Eppinger, Georg"]
[Result "0-1"]
[WhiteElo "2142"]
[BlackElo "2284"]
[PlyCount "62"]
[EventDate "2005.09.11"]
[SourceDate " "]

1. c4 Nf6 2. Nc3 e5 3. Nf3 Nc6 4. d4 exd4 5. Nxd4 Bb4 6. Nxc6 bxc6 7. Qd3 d5 8.
Bd2 d4 9. Na4 Bxd2+ 10. Qxd2 Ne4 11. Qf4 Qe7 12. a3 O-O 13. g3 Re8 14. Qf3 Qg5
15. Qd3 Qa5+ 16. b4 Qxa4 17. Bg2 Bf5 18. O-O Rad8 19. c5 Bg6 20. f4 f5 21. Rad1
Qb5 22. Qc2 Nc3 23. Rd2 Nxe2+ 24. Kf2 d3 25. Qb2 Nd4 26. Rfd1 Bh5 27. Bf1 Bxd1
28. Bxd3 Qxd3 29. Rxd3 Re2+ 30. Qxe2 Bxe2 31. Rd2 Bb5 0-1

[Event "LGA Premium Cup"]
[Site "schach.lga.de"]
[Date "2005.09.11"]
[Round "7.13"]
[White "Gießmann, Stephan"]
[Black "Vogiatzis, Dimitrios"]
[Result "1/2-1/2"]
[WhiteElo "2284"]
[BlackElo "2070"]
[PlyCount "174"]
[EventDate "2005.09.11"]
[SourceDate " "]

1. d4 f5 2. Bg5 g6 3. Nc3 Bg7 4. e4 fxe4 5. Nxe4 d5 6. Nc3 Nf6 7. Nf3 O-O 8. h3
Nc6 9. Bb5 Ne4 10. Nxe4 dxe4 11. Bc4+ Kh8 12. Ne5 Nxe5 13. dxe5 Bxe5 14. Qxd8
Rxd8 15. Bxe7 Re8 16. Ba3 Be6 17. Bxe6 Rxe6 18. Rd1 Bd6 19. Bxd6 Rxd6 20. Rxd6
cxd6 21. Ke2 d5 22. Rd1 Rd8 23. Ke3 b5 24. Rd4 Kg7 25. a4 a6 26. axb5 axb5 27.
Rb4 Rb8 28. b3 Rc8 29. Rxb5 Rxc2 30. Rxd5 Rc3+ 31. Kxe4 Rxb3 32. Rd7+ Kh6 33.
Re7 Rb4+ 34. Kf3 g5 35. Re6+ Kg7 36. Re4 Rb2 37. Kg3 h5 38. h4 Rb3+ 39. f3 g4
40. Re6 gxf3 41. gxf3 Rb4 42. Re4 Rb1 43. Kf4 Kf6 44. Rc4 Rb6 45. Ra4 Rc6 46.
Ke4 Rb6 47. Rd4 Ra6 48. Rb4 Ke6 49. Kf4 Kf6 50. Rb5 Ra4+ 51. Kg3 Kg6 52. Rb6+
Kg7 53. Re6 Rb4 54. Re4 Rb3 55. Rc4 Rb6 56. Rc5 Kg6 57. Re5 Rb4 58. Re6+ Kg7
59. Re5 Kg6 60. Rg5+ Kh6 61. Rg8 Kh7 62. Rg5 Kh6 63. f4 Rb3+ 64. Kg2 Rb2+ 65.
Kf3 Rb7 66. Ke4 Rb4+ 67. Ke5 Rb5+ 68. Kd6 Rb6+ 69. Ke5 Rb1 70. f5 Rh1 71. Kd5
Rxh4 72. Rg6+ Kh7 73. Ke5 Ra4 74. Rd6 Ra8 75. Ke6 h4 76. f6 Ra1 77. Rd4 Ra6+
78. Kf5 Ra5+ 79. Kg4 Kg6 80. Rf4 Kf7 81. Kxh4 Ra6 82. Kg5 Ra5+ 83. Rf5 Ra6 84.
Rb5 Ra7 85. Rb6 Ra5+ 86. Kf4 Ra4+ 87. Kg5 Ra5+ 1/2-1/2

[Event "LGA Premium Cup"]
[Site "schach.lga.de"]
[Date "2005.09.11"]
[Round "7.14"]
[White "Koch, Moritz"]
[Black "Pühn, Georg"]
[Result "1-0"]
[WhiteElo "2241"]
[BlackElo "2046"]
[PlyCount "72"]
[EventDate "2005.09.11"]
[SourceDate " "]

1. e4 c6 2. Nf3 d5 3. exd5 cxd5 4. Ne5 a6 5. d4 Nf6 6. Bd3 Nc6 7. c3 g6 8. O-O
Bg7 9. f4 Bd7 10. Nd2 Nxe5 11. fxe5 Ng4 12. Nf3 O-O 13. Bg5 f6 14. exf6 exf6
15. Bf4 Qb6 16. Qb3 Qxb3 17. axb3 Bh6 18. Bxh6 Nxh6 19. Ra5 Bf5 20. Bxf5 Nxf5
21. Re1 Rad8 22. b4 Rf7 23. b5 g5 24. bxa6 bxa6 25. Rxa6 Rb8 26. Re2 g4 27. Ne1
g3 28. Nd3 Rbb7 29. Nf4 Ra7 30. Re8+ Kg7 31. Nh5+ Kh6 32. Rxa7 Rxa7 33. Nxg3
Nd6 34. Re6 Ra8 35. Kf2 Nc4 36. b3 Ra2+ 1-0

[Event "LGA Premium Cup"]
[Site "schach.lga.de"]
[Date "2005.09.11"]
[Round "7.15"]
[White "Beck, Frederik"]
[Black "Käck, Ralf"]
[Result "1-0"]
[WhiteElo "2211"]
[BlackElo "2034"]
[PlyCount "47"]
[EventDate "2005.09.11"]
[SourceDate " "]

1. e4 e6 2. d4 d5 3. exd5 exd5 4. Nf3 Bd6 5. c4 c6 6. Nc3 Ne7 7. Be3 dxc4 8.
Bxc4 O-O 9. h3 Bf5 10. O-O h6 11. Ne5 Bg6 12. Re1 Nd7 13. Bf4 Nxe5 14. dxe5 Bb4
15. Qb3 Bxc3 16. Qxc3 Nd5 17. Qf3 Nxf4 18. Qxf4 Qc7 19. Rad1 Rfe8 20. Qg4 Kh7
21. Rd7 Qa5 22. Re2 Rxe5 23. b4 h5 24. bxa5 1-0

[Event "LGA Premium Cup"]
[Site "schach.lga.de"]
[Date "2005.09.11"]
[Round "7.16"]
[White "Petiko, Nikolai"]
[Black "Kaspar, Willi"]
[Result "1-0"]
[WhiteElo "2193"]
[BlackElo "2032"]
[PlyCount "68"]
[EventDate "2005.09.11"]
[SourceDate " "]

1. e4 e6 2. d4 c5 3. c3 cxd4 4. cxd4 Nf6 5. Nc3 Bb4 6. f3 Nxe4 7. fxe4 Qh4+ 8.
Kd2 Qxe4 9. Nf3 Nc6 10. Qe2 d5 11. Kd1 Qf5 12. Qd3 Qg4 13. h3 Qg3 14. Qe3 Be7
15. Bd2 Bd7 16. Be1 Qc7 17. Rc1 Rc8 18. Bd3 Nb4 19. Bb1 Qb6 20. Ne2 O-O 21.
Rxc8 Rxc8 22. Bc3 Ba4+ 23. Kd2 Bb5 24. Rc1 Qa6 25. a3 Nc6 26. Bd3 e5 27. Bxb5
Qxb5 28. Nxe5 Nxe5 29. Qxe5 Re8 30. Nf4 Bxa3 31. Qxd5 Re2+ 32. Kd1 Rxb2 33.
Bxb2 Qb3+ 34. Qxb3 Bf8 1-0

[Event "LGA Premium Cup"]
[Site "schach.lga.de"]
[Date "2005.09.11"]
[Round "7.17"]
[White "Hettler, Wolfgang"]
[Black "Opitz, Alexander"]
[Result "1/2-1/2"]
[WhiteElo "2077"]
[BlackElo "2192"]
[PlyCount "38"]
[EventDate "2005.09.11"]
[SourceDate " "]

1. d4 Nf6 2. c4 c5 3. d5 e6 4. Nc3 exd5 5. cxd5 d6 6. Nf3 g6 7. Bf4 Bg7 8. Qa4+
Bd7 9. Qb3 Qc7 10. e4 Nh5 11. Be3 O-O 12. Be2 Na6 13. Nd2 Rab8 14. Bxh5 gxh5
15. O-O b5 16. Ne2 c4 17. Qa3 Nc5 18. Bd4 Nd3 19. Qc3 Bh6 1/2-1/2

[Event "LGA Premium Cup"]
[Site "schach.lga.de"]
[Date "2005.09.11"]
[Round "7.18"]
[White "Rosenberger, Frank"]
[Black "Nuber, Helene"]
[Result "1-0"]
[WhiteElo "2169"]
[BlackElo "2021"]
[PlyCount "87"]
[EventDate "2005.09.11"]
[SourceDate " "]

1. e4 e6 2. d4 d5 3. Nc3 Nf6 4. e5 Nfd7 5. f4 c5 6. Nf3 Nc6 7. Be3 cxd4 8. Nxd4
Nxd4 9. Bxd4 a6 10. Qd2 Bc5 11. O-O-O Qc7 12. h4 Bxd4 13. Qxd4 Nb6 14. Rh3 Bd7
15. Nb1 Rc8 16. Rc3 Qd8 17. Rxc8 Nxc8 18. g3 Ne7 19. Bh3 Nc6 20. Qc5 Qe7 21.
Qb6 Bc8 22. Nc3 O-O 23. Na4 Qd8 24. a3 Ne7 25. Qxd8 Rxd8 26. Nc5 Nc6 27. Bf1
Kf8 28. Rd3 Na5 29. Rc3 Ke7 30. b4 Nc6 31. Nxa6 Nxe5 32. fxe5 bxa6 33. Rc7+ Ke8
34. Kb2 d4 35. Bc4 h6 36. Kb3 Kf8 37. Ka4 f6 38. exf6 gxf6 39. Ka5 e5 40. Rf7+
Ke8 41. Rxf6 e4 42. Rxh6 d3 43. cxd3 e3 44. Rh5 1-0

[Event "LGA Premium Cup"]
[Site "schach.lga.de"]
[Date "2005.09.11"]
[Round "7.19"]
[White "Schlötterer, Hermann"]
[Black "Bunk, Karsten"]
[Result "0-1"]
[WhiteElo "2040"]
[BlackElo "2162"]
[PlyCount "132"]
[EventDate "2005.09.11"]
[SourceDate " "]

1. d4 Nf6 2. g3 d5 3. Bg2 c5 4. Nf3 g6 5. O-O cxd4 6. Nxd4 e5 7. Nb3 Be6 8. Bg5
Nbd7 9. Nc3 h6 10. Bd2 Bg7 11. Qc1 Rc8 12. Nb5 Qb6 13. a4 Nc5 14. Nxc5 Qxc5 15.
c4 Qe7 16. b3 a6 17. Na3 b6 18. Ra2 Nd7 19. Qc3 dxc4 20. bxc4 Nc5 21. Qb4 Qc7
22. Bd5 Bf8 23. Rb1 Bf5 24. Nc2 Ne4 25. Qxb6 Qxb6 26. Rxb6 Nxd2 27. Ne3 Bc5 28.
Bc6+ Kf8 29. Rxa6 Bxe3 30. fxe3 Nxc4 31. e4 Be6 32. Rc2 Ke7 33. Ra7+ Kd6 34.
Bb7 Rc7 35. Rc3 Rb8 36. Ra6+ Ke7 37. Bd5 Rbc8 38. Rd3 Bxd5 39. exd5 Nd6 40. a5
f5 41. Rb3 Rc5 42. Ra7+ R8c7 43. Rxc7+ Rxc7 44. Rb6 Rc5 45. Ra6 Rxd5 46. Ra7+
Ke6 47. Rg7 Kf6 48. Rd7 Rd1+ 49. Kg2 g5 50. a6 Ke6 51. Rh7 Nf7 52. Rg7 Kf6 53.
Rg8 Ra1 54. Ra8 Ra3 55. Kf1 g4 56. a7 e4 57. Kf2 Ng5 58. Ke1 Ra2 59. Kd1 e3 60.
Kc1 Ne4 61. Kb1 Nc3+ 62. Kc1 Nxe2+ 63. Kb1 Nc3+ 64. Kc1 e2 65. Re8 Rxa7 66. Kc2
Ne4 0-1

[Event "LGA Premium Cup"]
[Site "schach.lga.de"]
[Date "2005.09.11"]
[Round "7.20"]
[White "Espig, Lutz"]
[Black "Schmitz, Manuela"]
[Result "1/2-1/2"]
[WhiteElo "2444"]
[BlackElo "2051"]
[PlyCount "29"]
[EventDate "2005.09.11"]
[SourceDate " "]

1. Nf3 Nf6 2. c4 e6 3. g3 d5 4. b3 Be7 5. Bg2 O-O 6. O-O Nbd7 7. Bb2 b6 8. Nc3
Bb7 9. cxd5 exd5 10. d4 c5 11. Rc1 Rc8 12. dxc5 bxc5 13. Nh4 Nb6 14. Nf5 Re8
15. Nxe7+ 1/2-1/2

[Event "LGA Premium Cup"]
[Site "schach.lga.de"]
[Date "2005.09.11"]
[Round "7.21"]
[White "Kordts, Wolfgang"]
[Black "Nuber, Blasius"]
[Result "1-0"]
[WhiteElo "2264"]
[BlackElo "1989"]
[PlyCount "133"]
[EventDate "2005.09.11"]
[SourceDate " "]

1. d4 d5 2. c4 c6 3. Nf3 Nf6 4. Nc3 e6 5. e3 Nbd7 6. Bd3 Be7 7. b3 O-O 8. O-O
b6 9. Bb2 Bb7 10. Qe2 c5 11. Rac1 Rc8 12. Rfd1 Ne4 13. cxd5 exd5 14. dxc5 Nxc3
15. Bxc3 Nxc5 16. Bf5 Ra8 17. Nd4 g6 18. Bh3 Bf6 19. g3 Qe7 20. Bb2 Bg7 21. Nf3
f5 22. Bxg7 Qxg7 23. Nd4 Qe5 24. Bg2 Rac8 25. Qb2 Ne6 26. Rxc8 Rxc8 27. Qa3
Nxd4 28. Rxd4 a5 29. Qb2 Rc5 30. Qd2 Kf7 31. f4 Qc7 32. Qe2 Rc1+ 33. Kf2 Rc2
34. Rd2 Rxd2 35. Qxd2 Qc5 36. h3 h5 37. Bf3 Qc6 38. Qb2 Qc5 39. g4 hxg4 40.
hxg4 fxg4 41. Bxg4 d4 42. Qxd4 Qc2+ 43. Kg3 Qg2+ 44. Kh4 Qh1+ 45. Kg5 Qd5+ 46.
Qxd5+ Bxd5 47. Be2 Be4 48. Bc4+ Kg7 49. a3 Bc2 50. Bd5 Bd3 51. e4 Bc2 52. b4
Bd3 53. e5 Bf5 54. Bc4 Be4 55. Be6 Bd3 56. Bd7 Be4 57. e6 Bf5 58. Bc8 Be4 59.
Ba6 Bf5 60. Bc4 Bh3 61. e7 Bd7 62. Be6 Be8 63. f5 gxf5 64. Kxf5 Ba4 65. Ke5 Kg6
66. Kd6 Kf6 67. Bd7 1-0

[Event "LGA Premium Cup"]
[Site "schach.lga.de"]
[Date "2005.09.11"]
[Round "7.22"]
[White "Lauer, Moritz"]
[Black "Leuschner, Günter"]
[Result "1-0"]
[WhiteElo "2232"]
[BlackElo "1997"]
[PlyCount "57"]
[EventDate "2005.09.11"]
[SourceDate " "]

1. e4 d5 2. exd5 Qxd5 3. Nc3 Qd8 4. d4 Nf6 5. Nf3 c6 6. Bc4 Bf5 7. Qe2 e6 8.
Bg5 Be7 9. O-O-O O-O 10. Nh4 Nd5 11. Bxe7 Nxe7 12. Nxf5 Nxf5 13. g4 Nxd4 14.
Qe3 c5 15. Ne4 Qe7 16. c3 Ndc6 17. g5 Ne5 18. Be2 Qc7 19. h4 Nbd7 20. h5 c4 21.
h6 g6 22. f4 Nd3+ 23. Bxd3 cxd3 24. Rxd3 Qb6 25. Qd2 Nc5 26. Nf6+ Kh8 27. Rd6
Rfd8 28. Rxb6 Rxd2 29. Rb5 1-0

[Event "LGA Premium Cup"]
[Site "schach.lga.de"]
[Date "2005.09.11"]
[Round "7.23"]
[White "Rybenko, Kseniya"]
[Black "Zier, Oliver"]
[Result "1-0"]
[WhiteElo "2217"]
[BlackElo "1821"]
[PlyCount "49"]
[EventDate "2005.09.11"]
[SourceDate " "]

1. e4 c5 2. Nf3 e6 3. d3 Nc6 4. g3 g6 5. Bg2 Bg7 6. O-O Nge7 7. Re1 e5 8. Nbd2
O-O 9. a4 d6 10. Nc4 Bg4 11. h3 Be6 12. Ng5 Bc8 13. f4 h6 14. Nf3 b6 15. c3 Bb7
16. Be3 f5 17. Qd2 Kh7 18. Rad1 Qc7 19. g4 Rg8 20. Bf2 Raf8 21. exf5 gxf5 22.
g5 exf4 23. Qxf4 hxg5 24. Nxg5+ Kg6 25. Ne6 1-0

[Event "LGA Premium Cup"]
[Site "schach.lga.de"]
[Date "2005.09.11"]
[Round "7.24"]
[White "Lodes, Hermann"]
[Black "Grimm, Pascal"]
[Result "1-0"]
[WhiteElo "2183"]
[BlackElo "1838"]
[PlyCount "61"]
[EventDate "2005.09.11"]
[SourceDate " "]

1. e4 g6 2. d4 Bg7 3. Nc3 d6 4. g3 Nd7 5. Bg2 e5 6. Be3 Ne7 7. Nge2 O-O 8. O-O
f5 9. dxe5 Nxe5 10. f4 Ng4 11. Bd4 fxe4 12. Bxg7 Kxg7 13. Qd4+ Nf6 14. Nxe4 d5
15. Nxf6 Rxf6 16. c4 Be6 17. cxd5 Bxd5 18. Rfd1 c6 19. Nc3 Nf5 20. Qf2 Rd6 21.
Nxd5 cxd5 22. g4 Ne7 23. Qd4+ Kg8 24. Kh1 a6 25. f5 gxf5 26. gxf5 Qf8 27. Rg1
Kf7 28. f6 Nc6 29. Bxd5+ Ke8 30. Qe4+ Kd8 31. Rg8 1-0

[Event "LGA Premium Cup"]
[Site "schach.lga.de"]
[Date "2005.09.11"]
[Round "7.25"]
[White "Muth, Roland"]
[Black "Thürauf, Peter"]
[Result "1/2-1/2"]
[WhiteElo "2129"]
[BlackElo "1985"]
[PlyCount "49"]
[EventDate "2005.09.11"]
[SourceDate " "]

1. e4 c5 2. g3 Nc6 3. Bg2 g6 4. d3 Bg7 5. c3 e6 6. Be3 d6 7. f4 Nge7 8. Nf3 O-O
9. O-O Qc7 10. Na3 a6 11. Nc2 f5 12. Bf2 Rb8 13. Re1 b5 14. Qe2 Bd7 15. d4 fxe4
16. Qxe4 Nd5 17. Bh3 Rbe8 18. Ng5 Nd8 19. Nxe6 Nxf4 20. Qxf4 Bxe6 21. Bxe6+
Nxe6 22. Qd2 cxd4 23. Nxd4 Nxd4 24. Bxd4 Bxd4+ 25. Qxd4 1/2-1/2

[Event "LGA Premium Cup"]
[Site "schach.lga.de"]
[Date "2005.09.11"]
[Round "7.26"]
[White "Süß, Helmut"]
[Black "Schneider, David"]
[Result "0-1"]
[WhiteElo "2044"]
[BlackElo "2113"]
[PlyCount "126"]
[EventDate "2005.09.11"]
[SourceDate " "]

1. d4 Nf6 2. Nf3 e6 3. c4 b6 4. g3 Ba6 5. b3 b5 6. cxb5 Bxb5 7. Bg2 d5 8. O-O
Nbd7 9. Ba3 c5 10. Nc3 Bc6 11. dxc5 Nxc5 12. Ne5 Bb7 13. b4 Ncd7 14. Nxd7 Qxd7
15. Qa4 Qxa4 16. Nxa4 Ba6 17. Rfe1 Be7 18. Rac1 O-O 19. Nc5 Bb5 20. Bb2 Rac8
21. e3 Rfd8 22. Bf1 Bxf1 23. Kxf1 Ne8 24. Na6 Nd6 25. Rxc8 Rxc8 26. Rc1 Nc4 27.
Bc3 f6 28. Ke2 Kf7 29. Bd4 e5 30. Bc3 Ke6 31. b5 Na3 32. Bd2 Rxc1 33. Bxc1 Nxb5
34. Bd2 Bd6 35. Nb4 Na3 36. Nc6 Bc5 37. Nd8+ Kd7 38. Nb7 Be7 39. Kd3 Nc4 40.
Bc3 Kc6 41. Na5+ Nxa5 42. Bxa5 Kb5 43. Bd2 Ka4 44. Bc3 Ba3 45. Bd2 Bb2 46. Kc2
Ka3 47. Kb1 e4 48. g4 g6 49. h3 Be5 50. Ba5 Ka4 51. Bd2 Kb5 52. Kc2 Kc4 53. Ba5
f5 54. gxf5 gxf5 55. Bd2 d4 56. Ba5 d3+ 57. Kd2 Kb5 58. Bd8 Ka4 59. Be7 Bb2 60.
Bc5 a5 61. Bd6 Ba3 62. Be5 Bb4+ 63. Kc1 d2+ 0-1